[Event "Abierto Legislatura Norberto La Porta in memoriam"]
[Site "Buenos Aires, ARG"]
[Date "2009.04.03"]
[Round "2.44"]
[White "Silveira, Matias"]
[Black "Molina, Pablo Sebastian"]
[Result "0-1"]
[WhiteElo "2218"]
[BlackElo "1959"]

1. e4 e5 2. Nf3 Nc6 3. Bb5 a6 4. Ba4 Nf6 5. O-O Be7 6. Re1 b5 7. Bb3 O-O 8.
c3 d5 9. exd5 Nxd5 10. Nxe5 Nxe5 11. Rxe5 c6 12. d4 Bd6 13. Re1 Qh4 14. g3 Qh3
15. Re4 Nf6 16. Rh4 Qf5 17. Bc2 Qd5 18. Nd2 Re8 19. Qf3 Re1+ 20. Kg2 Qe6 21.
Ne4 Nxe4 22. Bxe4 h6 23. Bxc6 Qc4 0-1

[Event "Abierto Legislatura Norberto La Porta in memoriam"]
[Site "Buenos Aires, ARG"]
[Date "2009.04.03"]
[Round "2.46"]
[White "Zuriel, Marisa"]
[Black "Pineiro, Dario"]
[Result "1-0"]
[WhiteElo "2201"]
[BlackElo "1949"]

1. e4 c5 2. Nf3 e6 3. d4 cxd4 4. Nxd4 a6 5. Bd3 Bc5 6. Nb3 Ba7 7. O-O Nc6 8.
Qe2 d6 9. Be3 Nf6 10. Nc3 b5 11. a4 b4 12. Nd1 O-O 13. a5 Qc7 14. f4 e5 15.
f5 d5 16. exd5 Nxd5 17. Kh1 Bxe3 18. Nxe3 Nf4 19. Qf3 Nxd3 20. cxd3 Nd4 21.
Nxd4 Bb7 22. Qg3 1-0

[Event "Abierto Legislatura Norberto La Porta in memoriam"]
[Site "Buenos Aires, ARG"]
[Date "2009.04.03"]
[Round "2.48"]
[White "Anelli, Antonio"]
[Black "Goldwaser, Romina"]
[Result "1-0"]
[WhiteElo "2193"]
[BlackElo "1934"]

1. d4 Nf6 2. c4 d6 3. Nc3 Nbd7 4. e4 e5 5. d5 Nc5 6. f3 a5 7. Be3 Be7 8. Qd2
O-O 9. O-O-O h6 10. g3 Ne8 11. Bh3 Bg5 12. Bxc8 Bxe3 13. Qxe3 Qxc8 14. g4 Kh7
15. h4 g6 16. h5 g5 17. Nge2 c6 18. Kb1 a4 19. Ng3 Rb8 20. Nf5 cxd5 21. Rxd5
Ne6 22. Nxa4 Nf4 23. Rd2 Qxc4 24. Nb6 Qe6 25. Rhd1 Rd8 26. Qa3 Nc7 27. Qb4
d5 28. Nxd5 Ncxd5 29. exd5 Qd7 30. Qe4 f6 31. d6 Rf7 32. Rc1 Qe8 33. Rdc2 Rdd7
34. Rc8 Rd8 35. R8c7 Rdd7 36. Qxb7 Ne6 37. Qe4 Nxc7 38. dxc7 Rxc7 39. Rxc7
Rxc7 40. Nd6+ 1-0

[Event "Abierto Legislatura Norberto La Porta in memoriam"]
[Site "Buenos Aires, ARG"]
[Date "2009.04.03"]
[Round "2.49"]
[White "Quinzio, Martin"]
[Black "Bustamante, Leonidas"]
[Result "1-0"]
[WhiteElo "1953"]
[BlackElo "2179"]

1. d4 Nf6 2. Nf3 g6 3. Bf4 Bg7 4. e3 O-O 5. Bd3 d6 6. h3 c5 7. c3 Nc6 8. O-O
Re8 9. Qc2 e5 10. dxe5 dxe5 11. Bg5 h6 12. Bxf6 Qxf6 13. Nbd2 Be6 14. e4 g5
15. Nh2 Rad8 16. Nc4 h5 17. Ne3 g4 18. hxg4 hxg4 19. Nhxg4 Qg5 20. f3 Bf8 21.
Qe2 a6 22. g3 Bd6 23. Nd5 Bxd5 24. exd5 Ne7 25. Qg2 f5 26. Nf2 Kf7 27. g4 Rg8
28. Rfe1 Rg7 29. c4 Rh8 30. Kf1 Qf4 31. Nh3 Qd4 32. Nf2 e4 33. fxe4 Rh2 34.
Qf3 Rxf2+ 35. Qxf2 Qxd3+ 36. Re2 Qh3+ 37. Qg2 Qxg2+ 38. Rxg2 fxg4 39. Rf2+
Kg6 40. Kg2 Rh7 41. Rh1 Rxh1 42. Kxh1 Kg5 43. Rf7 1-0

[Event "Abierto Legislatura Norberto La Porta in memoriam"]
[Site "Buenos Aires, ARG"]
[Date "2009.04.03"]
[Round "2.50"]
[White "Ciruzzi, Luciano"]
[Black "Mayo, Raul"]
[Result "1-0"]
[WhiteElo "1952"]
[BlackElo "2170"]

1. e4 c5 2. Nf3 d6 3. d4 cxd4 4. Nxd4 Nf6 5. Nc3 a6 6. a4 e5 7. Nb3 Be7 8. g3
Be6 9. Bg2 Nc6 10. O-O O-O 11. Nd5 Rc8 12. f4 exf4 13. Bxf4 Ne5 14. h3 Nxd5
15. exd5 Bf5 16. Nd4 Bg6 17. Kh1 Bf6 18. b3 Re8 19. Qd2 Qc7 20. Rf2 Nd3 21.
cxd3 Bxd4 22. Raf1 Bxf2 23. Rxf2 Qc5 24. b4 Qd4 25. Bxd6 Bxd3 26. Bc5 Qa1+ 27.
Kh2 Bg6 28. d6 Rcd8 29. d7 Re1 30. Bb6 Rd1 31. Bxd8 Rxd2 32. Rxd2 Bf5 33.
Bf6 1-0

[Event "Abierto Legislatura Norberto La Porta in memoriam"]
[Site "Buenos Aires, ARG"]
[Date "2009.04.06"]
[Round "3.01"]
[White "Flores, Diego"]
[Black "Perez Pietronave, Carlos"]
[Result "1-0"]
[WhiteElo "2585"]
[BlackElo "2218"]

1. c4 f5 2. g3 Nf6 3. Bg2 g6 4. d3 Bg7 5. e4 fxe4 6. dxe4 e5 7. Ne2 d6 8.
Nbc3 Be6 9. b3 Qd7 10. O-O Bh3 11. f3 Nc6 12. Be3 O-O 13. Qd2 Rf7 14. Nd5 Bxg2
15. Kxg2 Nd8 16. Rad1 Ne8 17. c5 Ne6 18. cxd6 Nxd6 19. Nxc7 Nxc7 20. Qxd6 Qb5
21. Nc3 Qa5 22. Qd2 Qa6 23. Qd3 Qa5 24. Nd5 Ne6 25. a4 Rc8 26. Rc1 Re8 27.
Qb5 Qxb5 28. axb5 b6 29. Rc6 Nd8 30. Rc2 Nb7 31. Bd2 Ra8 32. Rd1 a6 33. Ra2 Nc5
34. Bb4 Rc8 35. Rc1 Bf8 36. Bxc5 Rxc5 37. Rxc5 bxc5 38. Rxa6 Kg7 39. f4 exf4
40. gxf4 Rb7 41. Kf3 Kf7 42. e5 Bg7 43. Ke4 Rxb5 44. Ra7+ Kg8 45. e6 1-0

[Event "Abierto Legislatura Norberto La Porta in memoriam"]
[Site "Buenos Aires, ARG"]
[Date "2009.04.06"]
[Round "3.02"]
[White "Rodriguez Vila, Andres"]
[Black "Tokman, Ariel"]
[Result "1-0"]
[WhiteElo "2524"]
[BlackElo "2210"]

1. f4 c5 2. Nf3 Nc6 3. g3 Nf6 4. Bg2 d5 5. O-O g6 6. d3 Bg7 7. Nc3 O-O 8. e4
d4 9. Ne2 e6 10. h3 Ne8 11. g4 f5 12. Ng3 Nd6 13. Qe2 Bd7 14. e5 Nb5 15. g5
Kf7 16. h4 Nc7 17. h5 Rg8 18. Nh4 Bf8 19. Bf3 Be8 20. Kf2 Qd7 21. Bd2 Ke7 22.
Rh1 Kd8 23. c4 dxc3 24. bxc3 Nd5 25. Ng2 Kc7 26. hxg6 hxg6 27. Qd1 Rd8 28. a4
Kb8 29. a5 Nc7 30. Be2 Rg7 31. Ne3 Nxe5 32. fxe5 f4 33. Ng4 fxg3+ 34. Kxg3
Nd5 35. Rf1 Be7 36. Bf3 Qc7 37. a6 b6 38. Be4 Bc6 39. Qf3 Rd7 40. Kg2 Bd8 41.
Nf6 Rdf7 42. c4 Ne7 43. Bf4 Nf5 44. Rh1 Nd4 45. Qg4 Bxe4+ 46. dxe4 Rf8 47.
Bg3 Qc6 48. Raf1 Be7 49. Nd5 Rd8 50. Rh6 Qa4 51. Nxe7 Rxe7 52. Rxg6 Nc2 53. Qe2
Qxc4 54. Qxc4 Ne3+ 55. Kh3 Nxc4 56. Rh6 Nd2 57. Rd1 c4 58. g6 Rg7 59. Bh4
Rd3+ 60. Kg4 Nxe4 61. Re1 Rd4 62. Rh8+ Kc7 63. Kh5 Nc5 64. Bf6 Nd3 65. Bxg7
Nxe1 66. Bf6 Rd2 67. g7 Rg2 68. Bg5 Nf3 69. Rc8+ Kd7 70. g8=Q Rxg5+ 71. Qxg5
Nxg5 72. Ra8 Nf3 73. Rxa7+ Kc8 74. Rb7 Nxe5 75. Rxb6 Kc7 76. Rb7+ Kc8 77. Rb4
1-0

[Event "Abierto Legislatura Norberto La Porta in memoriam"]
[Site "Buenos Aires, ARG"]
[Date "2009.04.06"]
[Round "3.03"]
[White "Valerga, Diego"]
[Black "Zuriel, Marisa"]
[Result "1-0"]
[WhiteElo "2523"]
[BlackElo "2201"]

1. d4 Nf6 2. c4 g6 3. Nc3 Bg7 4. e4 d6 5. Nf3 O-O 6. Be2 e5 7. O-O Nc6 8. d5
Ne7 9. b4 Ne8 10. a4 f5 11. a5 Nf6 12. Bg5 h6 13. Bxf6 Rxf6 14. Nd2 f4 15.
Bg4 Bxg4 16. Qxg4 h5 17. Qe2 Bh6 18. c5 Qd7 19. f3 g5 20. Qb5 Qc8 21. Rfc1 a6
22. Qc4 Qe8 23. b5 g4 24. c6 bxc6 25. dxc6+ Kh8 26. b6 h4 27. b7 Rb8 28. Qxa6
h3 29. gxh3 gxf3 30. Nxf3 Qh5 31. Qe2 Rg6+ 32. Kh1 Nxc6 33. a6 Na7 34. Nd5 c5
35. Rg1 Rxg1+ 36. Rxg1 Qf7 37. Qg2 Nc6 38. Qg6 Qxg6 39. Rxg6 Bf8 40. Nf6 1-0

[Event "Abierto Legislatura Norberto La Porta in memoriam"]
[Site "Buenos Aires, ARG"]
[Date "2009.04.06"]
[Round "3.04"]
[White "Guerrero, Alvaro"]
[Black "Mareco, Sandro"]
[Result "0-1"]
[WhiteElo "2197"]
[BlackElo "2512"]

1. d4 Nf6 2. c4 e6 3. Nc3 Bb4 4. f3 d5 5. a3 Be7 6. e4 dxe4 7. fxe4 e5 8. d5
Bc5 9. Nf3 Bg4 10. Bd3 Nbd7 11. h3 Bxf3 12. Qxf3 O-O 13. Be3 c6 14. Qf2 Qb6
15. Bxc5 Nxc5 16. Rd1 cxd5 17. cxd5 Ne8 18. O-O Nd6 19. Kh1 Rac8 20. Rd2 f5
21. exf5 e4 22. Be2 Nxf5 23. Qe1 Rce8 24. Rxf5 Rxf5 25. b4 Nb3 26. Rd1 Nd4 27.
Bc4 Kh8 28. Qd2 Nf3 29. gxf3 Rxf3 30. Bf1 Qf6 31. Bg2 Qxc3 32. Bxf3 Qxf3+ 33.
Kh2 e3 34. Re1 Qf4+ 35. Kh1 Qg3 36. d6 h6 37. d7 Qxh3+ 38. Kg1 Rd8 39. Rxe3
Qxd7 40. Qf2 Qd1+ 0-1

[Event "Abierto Legislatura Norberto La Porta in memoriam"]
[Site "Buenos Aires, ARG"]
[Date "2009.04.06"]
[Round "3.05"]
[White "Slipak, Sergio"]
[Black "Anelli, Antonio"]
[Result "1/2-1/2"]
[WhiteElo "2446"]
[BlackElo "2193"]

1. d4 Nf6 2. Nf3 g6 3. c4 Bg7 4. Nc3 c5 5. e4 d6 6. Be2 O-O 7. O-O cxd4 8.
Nxd4 Nc6 9. Be3 Bd7 10. Qd2 Nxd4 11. Bxd4 Bc6 12. f3 a5 13. b3 Nd7 14. Be3 Nc5
15. Rab1 Qb6 16. Rfc1 Rfc8 17. Bd1 Qd8 18. a3 b6 19. b4 axb4 20. axb4 Nd7 21.
Be2 Bb7 22. Nd5 Ra3 23. Bd4 Bxd4+ 24. Qxd4 Ra2 25. Nc3 Raa8 26. f4 Bc6 27.
Bg4 Rcb8 28. Rd1 Nf6 29. Bf3 Qc7 30. Rbc1 Rc8 31. Rf1 Rab8 32. Qe3 e6 33. e5
Ne8 34. Bxc6 Qxc6 35. Ne4 d5 36. cxd5 Qxd5 37. h3 Kg7 38. Kh2 Rd8 39. Qe2 Qd3
40. Qxd3 Rxd3 41. Rfd1 Re3 42. Rd4 h6 43. h4 Ra8 44. Rc2 Rea3 45. Rc6 Rb8 46.
Nd6 Nxd6 47. Rdxd6 Rb3 48. Rxb6 Rxb4 49. Rxb8 1/2-1/2

[Event "Abierto Legislatura Norberto La Porta in memoriam"]
[Site "Buenos Aires, ARG"]
[Date "2009.04.06"]
[Round "3.06"]
[White "Arenas, Sergio"]
[Black "Real De Azua, Ernesto"]
[Result "0-1"]
[WhiteElo "2170"]
[BlackElo "2446"]

1. d4 Nf6 2. Nf3 e6 3. Bf4 b6 4. e3 Be7 5. Nbd2 Nh5 6. Bg3 Bb7 7. Bd3 d6 8.
Qe2 a6 9. O-O c5 10. a4 Nd7 11. Nc4 Nxg3 12. hxg3 b5 13. axb5 axb5 14. Rxa8
Bxa8 15. Nxd6+ Bxd6 16. dxc5 Nxc5 17. Bxb5+ Ke7 18. Ra1 Qc7 19. Nd4 Rc8 20. Qh5
h6 21. g4 Ne4 22. f4 Qc5 23. Qh4+ g5 24. Qe1 Bb7 25. b4 Qc3 26. Qxc3 Nxc3
27. Ra7 Rc7 28. fxg5 hxg5 29. Bd3 Bd5 30. Rxc7+ Bxc7 31. Nb5 Nxb5 32. Bxb5 Be5
33. c4 Be4 34. Ba6 Bd3 0-1

[Event "Abierto Legislatura Norberto La Porta in memoriam"]
[Site "Buenos Aires, ARG"]
[Date "2009.04.06"]
[Round "3.07"]
[White "Diaz Hollemaert, Nahuel"]
[Black "Amed, Stephanie"]
[Result "1-0"]
[WhiteElo "2443"]
[BlackElo "2166"]

1. d4 Nf6 2. c4 g6 3. Nc3 Bg7 4. e4 d6 5. f3 O-O 6. Bg5 c5 7. d5 e6 8. Qd2
exd5 9. cxd5 a6 10. a4 h6 11. Be3 Nbd7 12. Nh3 Ne5 13. Nf2 h5 14. h3 Qa5 15. f4
Ned7 16. Ra3 h4 17. Be2 Nh7 18. O-O Re8 19. Qc2 Rb8 20. Ng4 Qd8 21. e5 dxe5
22. f5 gxf5 23. Qxf5 Ndf6 24. Qf2 Qc7 25. Nh6+ Kh8 26. Qxh4 Rf8 27. Bd3 e4
28. Bb1 b5 29. axb5 axb5 30. Nxe4 Nxe4 31. Bxe4 f5 32. Nxf5 Bxf5 33. Bxf5 Bxb2
34. Ra6 Be5 35. Rf3 Ra8 36. Bxh7 1-0

[Event "Abierto Legislatura Norberto La Porta in memoriam"]
[Site "Buenos Aires, ARG"]
[Date "2009.04.06"]
[Round "3.08"]
[White "Bulcourf, Carlos"]
[Black "Dos Santos, Ramiro"]
[Result "1/2-1/2"]
[WhiteElo "2160"]
[BlackElo "2441"]

1. Nf3 d5 2. d4 Nf6 3. Bf4 c5 4. e3 Nc6 5. c3 e6 6. Nbd2 Be7 7. Bd3 O-O 8.
O-O b6 9. Ne5 Nxe5 10. Bxe5 Bb7 11. Bxf6 Bxf6 12. f4 g6 13. Nf3 Bg7 14. h4 a5
15. a4 Ba6 16. Bxa6 Rxa6 17. h5 Ra8 18. g3 b5 19. axb5 Qb6 20. hxg6 hxg6 21.
Qa4 Rfb8 22. Rfb1 Qxb5 23. Qxb5 Rxb5 24. b3 Rab8 25. Nd2 f6 26. c4 dxc4 27.
Nxc4 cxd4 28. exd4 Rxb3 29. Rxb3 Rxb3 30. Kf2 f5 31. Ne5 Rb5 32. Rc1 Rb2+ 33.
Kf3 { Planilla Ilegible} 1/2-1/2

[Event "Abierto Legislatura Norberto La Porta in memoriam"]
[Site "Buenos Aires, ARG"]
[Date "2009.04.06"]
[Round "3.09"]
[White "Liascovich, Lucas"]
[Black "Quenallata, Luciano"]
[Result "1-0"]
[WhiteElo "2439"]
[BlackElo "2165"]

1. d4 Nf6 2. Nf3 g6 3. Nc3 Bg7 4. e4 O-O 5. e5 Ne8 6. h4 d6 7. h5 dxe5 8.
hxg6 hxg6 9. Bh6 exd4 10. Qd2 f6 11. O-O-O Nc6 12. Bxg7 Nxg7 13. Bc4+ Be6 14.
Bxe6+ Nxe6 15. Qh6 Kf7 16. Qh7+ Ng7 17. Rh6 Rg8 18. Ne4 Kf8 19. Nh4 Qd5 20.
Nxg6+ Kf7 21. Nxe7 Nxe7 22. Rxf6+ Ke8 23. Rf3 Rf8 24. Qxg7 1-0

[Event "Abierto Legislatura Norberto La Porta in memoriam"]
[Site "Buenos Aires, ARG"]
[Date "2009.04.06"]
[Round "3.10"]
[White "Tenti, Joaquin"]
[Black "Cubas, Jose Fernando"]
[Result "0-1"]
[WhiteElo "2131"]
[BlackElo "2434"]

1. e4 c5 2. Nf3 Nc6 3. d4 cxd4 4. Nxd4 e5 5. Nb5 d6 6. c4 Be7 7. N1c3 a6 8.
Na3 f5 9. exf5 Bxf5 10. Bd3 Bxd3 11. Qxd3 Nf6 12. O-O O-O 13. Nc2 Qe8 14. b4
Qf7 15. Be3 Rac8 16. b5 Na5 17. Nb4 e4 18. Qd1 Nxc4 19. Nbd5 Nxd5 20. Nxd5
axb5 21. Rb1 Nxe3 22. fxe3 Qxf1+ 23. Qxf1 Rxf1+ 24. Kxf1 Bg5 25. Rxb5 Rc5 26.
Rxc5 dxc5 27. Ke2 Bf6 28. Nb6 Kf7 29. Na4 Be7 30. Nc3 Ke6 31. Nxe4 Kd5 32. Kf3
b5 33. Nd2 c4 34. Ke2 Bf6 35. g4 Be7 36. h3 Bf6 37. Kf3 Bb2 38. Ke2 Kc5 39.
Kd1 Kd5 40. Ke2 b4 41. Kd1 Bf6 42. Ke2 Bg5 43. Nf3 h6 44. Nd2 Be7 45. Kd1 Bf6
46. Ke2 Bb2 47. Kd1 Bc3 48. Nb1 Bf6 49. Nd2 c3 50. Nb3 Kc4 51. Ke2 Bg5 52.
Nc1 Kb5 53. Nb3 Ka4 54. Nd4 Ka3 55. Nc2+ Kxa2 {Planilla Ilegible} 56. Nxb4+ Kb3
57. Nd3 Be7 58. Kd1 c2+ 59. Kd2 Ba3 60. e4 c1=Q+ 61. Nxc1+ Bxc1+ 62. Kxc1
Kc3 63. g5 h5 0-1

[Event "Abierto Legislatura Norberto La Porta in memoriam"]
[Site "Buenos Aires, ARG"]
[Date "2009.04.06"]
[Round "3.11"]
[White "Bronstein, Luis Marcos"]
[Black "Bertaccini, Daniel"]
[Result "1-0"]
[WhiteElo "2401"]
[BlackElo "2160"]

1. e4 c5 2. Nf3 d6 3. Bb5+ Bd7 4. Bxd7+ Nxd7 5. O-O g6 6. c3 Ngf6 7. Qe2 Bg7
8. d4 cxd4 9. cxd4 d5 10. e5 Ne4 11. Qb5 e6 12. Nbd2 Nxd2 13. Bxd2 Qb6 14.
Qa4 Qc6 15. Qa3 Nb6 16. b3 Bf8 17. Qa5 Be7 18. Rac1 Qd7 19. Bh6 Rg8 20. h4 Bd8
21. a4 Rc8 22. Qd2 Rc6 23. Rxc6 bxc6 24. Rc1 Nc8 25. Qf4 Ne7 26. Bg5 h5 27.
Bxe7 Bxe7 28. Ng5 Rg7 29. Qd2 Qb7 30. Qc3 Kd7 31. g3 Bb4 32. Qd3 Be7 33. Qf3
Ke8 34. Nh3 Kd7 35. Ng5 Bxg5 36. hxg5 Rh7 37. Qc3 Qb6 38. b4 Rh8 39. b5 cxb5
40. axb5 Rb8 41. Qa3 Ke8 42. Rc6 Qxb5 43. Rc7 Qb4 44. Qxa7 Qb1+ 45. Kh2 Qb4
46. Rxf7 Rd8 47. Rh7 1-0

[Event "Abierto Legislatura Norberto La Porta in memoriam"]
[Site "Buenos Aires, ARG"]
[Date "2009.04.06"]
[Round "3.12"]
[White "Lupi, Pablo Cesar"]
[Black "Rodriguez, Jorge Luis"]
[Result "0-1"]
[WhiteElo "2128"]
[BlackElo "2393"]

1. e4 c5 2. Nf3 Nc6 3. d4 cxd4 4. Nxd4 g6 5. c4 Nf6 6. Nc3 d6 7. Be2 Nxd4 8.
Qxd4 Bg7 9. Be3 O-O 10. Qd2 Be6 11. O-O Qa5 12. Rac1 Rfc8 13. b3 a6 14. Nd5
Qxd2 15. Nxf6+ Bxf6 16. Bxd2 b5 17. cxb5 axb5 18. Rxc8+ Bxc8 19. Bxb5 Rxa2 20.
Be3 Rb2 21. Bc4 Be6 22. f3 Bxc4 23. bxc4 Re2 24. Bf2 Rc2 25. Be3 Rxc4 26.
Rc1 Ra4 27. Rc2 h5 28. Kf2 Be5 29. g3 Bd4 30. h4 Kg7 31. Bxd4+ Rxd4 32. Re2 Kf6
33. f4 e5 34. Ke3 Ke6 35. Rf2 f5 36. exf5+ gxf5 37. fxe5 dxe5 38. Ra2 f4+
39. gxf4 Rxf4 40. Ra6+ Kf5 41. Ra8 Rxh4 42. Rf8+ Ke6 43. Re8+ Kf6 44. Rf8+ Ke7
45. Rh8 Kf7 46. Rh6 Rh1 47. Ke4 Kg7 48. Re6 h4 49. Kf3 Re1 50. Kg4 Re4+ 51.
Kf5 Re3 52. Rg6+ Kh7 53. Rg4 h3 54. Rh4+ Kg7 55. Kg4 Kg6 56. Rh8 Ra3 57. Re8
Kf6 58. Rf8+ Ke6 59. Re8+ Kd5 60. Rd8+ Ke4 61. Rd2 Ra1 62. Kxh3 Rg1 63. Ra2
Kf4 64. Kh2 Rg8 65. Kh1 e4 66. Rf2+ Ke3 67. Ra2 Kf3 68. Kh2 e3 69. Ra7 e2 70.
Rf7+ Ke3 71. Re7+ Kf2 72. Rf7+ Ke1 73. Re7 Rg5 74. Kh1 Kf2 75. Rf7+ Kg3 76.
Re7 e1=Q+ 0-1

[Event "Abierto Legislatura Norberto La Porta in memoriam"]
[Site "Buenos Aires, ARG"]
[Date "2009.04.06"]
[Round "3.13"]
[White "Tristan, Leonardo"]
[Black "Mendez, Pablo Amadeo"]
[Result "1-0"]
[WhiteElo "2393"]
[BlackElo "2160"]

1. e4 e6 2. d4 d5 3. Nd2 Nf6 4. e5 Nfd7 5. Bd3 c5 6. c3 Nc6 7. Ne2 cxd4 8.
cxd4 f6 9. Nf4 Nxd4 10. Qh5+ Ke7 11. exf6+ Nxf6 12. Ng6+ hxg6 13. Qxh8 Kf7 14.
Qh4 e5 15. Nf3 Nxf3+ 16. gxf3 Bf5 17. Bxf5 gxf5 18. Bg5 Qa5+ 19. Kf1 g6 20.
Bxf6 Qa6+ 21. Kg2 Qxf6 22. Qa4 Qc6 23. Qb3 Bh6 24. Rhd1 Ke6 25. Rd3 Rd8 26.
Rc3 Qb6 27. Qc2 Bf4 28. a4 Rh8 29. h3 Qd8 30. Qb3 Rh7 31. Rc5 Rc7 32. Rb5 b6
33. a5 Qg5+ 34. Kf1 1-0

[Event "Abierto Legislatura Norberto La Porta in memoriam"]
[Site "Buenos Aires, ARG"]
[Date "2009.04.06"]
[Round "3.15"]
[White "Della Morte, German"]
[Black "Rodriguez, Esteban"]
[Result "1-0"]
[WhiteElo "2382"]
[BlackElo "2151"]

1. e4 c6 2. d4 d5 3. e5 Bf5 4. Nc3 e6 5. g4 Bg6 6. Nge2 Ne7 7. f4 c5 8. Ng3
Be4 9. Ncxe4 dxe4 10. Nxe4 Nec6 11. dxc5 Qh4+ 12. Ng3 Bxc5 13. c3 Nd7 14. Bg2
O-O-O 15. Qe2 f6 16. Bxc6 bxc6 17. Bd2 fxe5 18. O-O-O Rhf8 19. fxe5 Rf2 20.
Qa6+ Kb8 21. Ne4 Rxd2 22. Nxd2 Nxe5 23. Ne4 Be3+ 24. Kb1 Rd5 25. c4 Qxg4 26.
cxd5 Qxe4+ 27. Ka1 exd5 28. Rhf1 Qb4 29. a3 Qc5 30. Rf5 Bd4 31. Rdf1 Bxb2+ 32.
Kxb2 Qd4+ 33. Ka2 Qd2+ 34. Kb1 Qc3 35. Rf8+ Kc7 36. Qxa7+ Kd6 37. R1f6+ 1-0

[Event "Abierto Legislatura Norberto La Porta in memoriam"]
[Site "Buenos Aires, ARG"]
[Date "2009.04.06"]
[Round "3.16"]
[White "Semprevivo, Marcelo"]
[Black "Szmetan, Jorge"]
[Result "0-1"]
[WhiteElo "2116"]
[BlackElo "2374"]

1. e4 c5 2. Nf3 e6 3. d4 cxd4 4. Nxd4 a6 5. Bd3 Nc6 6. Nxc6 dxc6 7. Nd2 e5 8.
Nc4 Nf6 9. O-O Nd7 10. Bd2 b5 11. Ba5 Qf6 12. Ne3 Bc5 13. Qe2 O-O 14. a4 Rb8
15. axb5 axb5 16. Kh1 Re8 17. b4 Bd6 18. Nf5 Bf8 19. c3 g6 20. Ne3 h5 21. f4
exf4 22. Bc7 Bd6 23. Bxb8 Bxb8 24. g3 Qxc3 25. gxf4 Bxf4 26. Rac1 Qe5 27.
Qf3 Bxe3 28. Qxf7+ Kh8 29. Rxc6 Nf8 30. Qxf8+ Rxf8 31. Rxf8+ Kg7 32. Rcxc8 Qd4
33. Rcd8 Qxb4 34. Rg8+ Kh6 35. Rgf8 Bd4 36. Rf1 Qb2 37. Rdf8 b4 38. R8f3 b3
39. Bc4 Be5 40. R3f2 Qd4 41. Bd5 b2 0-1

[Event "Abierto Legislatura Norberto La Porta in memoriam"]
[Site "Buenos Aires, ARG"]
[Date "2009.04.06"]
[Round "3.17"]
[White "Gimenez, Santiago"]
[Black "Goldwaser, Christian"]
[Result "0-1"]
[WhiteElo "2112"]
[BlackElo "2361"]

1. e4 e6 2. d4 d5 3. Nc3 Bb4 4. e5 c5 5. Bd2 Ne7 6. Nb5 Bxd2+ 7. Qxd2 O-O 8.
dxc5 Nd7 9. f4 a6 10. Nd4 Nxc5 11. Ngf3 Qb6 12. O-O-O Bd7 13. Qe3 Rfc8 14.
Kb1 Na4 15. Qb3 Qa5 16. g4 b5 17. Qe3 Rc4 18. Bd3 Rac8 19. Nb3 Qc7 20. Nfd4 Nc6
21. Rhe1 Nxd4 22. Nxd4 Qb6 23. Bxc4 bxc4 24. Qa3 c3 25. b3 Nb2 26. f5 Nxd1
27. Rxd1 exf5 28. Qe7 Qc7 29. gxf5 Re8 30. Qd6 Qxd6 31. exd6 Kf8 32. a4 Re4
33. Ka2 h5 34. Ka3 Rh4 35. a5 Rxh2 36. b4 Rd2 37. Re1 Rxd4 38. Re7 Bxf5 39. b5
axb5 40. Rb7 Ke8 41. Kb3 Ra4 42. Rxb5 Ra1 43. Kxc3 h4 44. Kb2 Ra4 45. Kb3 Rc4
46. a6 Bxc2+ 47. Kb2 Ra4 48. Kxc2 Rxa6 49. Rb8+ Kd7 50. Rb7+ Ke6 51. Re7+
Kf6 52. Rd7 h3 0-1

[Event "Abierto Legislatura Norberto La Porta in memoriam"]
[Site "Buenos Aires, ARG"]
[Date "2009.04.06"]
[Round "3.18"]
[White "Lujan, Carolina"]
[Black "Juarez, Carlos Eleodoro"]
[Result "1-0"]
[WhiteElo "2360"]
[BlackElo "2148"]

1. e4 c5 2. Nf3 e6 3. d4 cxd4 4. Nxd4 a6 5. Nc3 Qc7 6. Be2 Nc6 7. O-O b5 8.
Re1 Bb7 9. Nxc6 dxc6 10. e5 Rd8 11. Bd3 c5 12. Bg5 Rd4 13. Qh5 g6 14. Qh3 Bg7
15. Bxb5+ axb5 16. Nxb5 Qc6 17. Nxd4 cxd4 18. Rad1 h6 19. Bc1 Qxc2 20. Rxd4
Ne7 21. b3 Bd5 22. Ba3 Bxe5 23. Rdd1 Qc3 24. Bxe7 Kxe7 25. Qxc3 Bxc3 26. Re3
Rc8 1-0

[Event "Abierto Legislatura Norberto La Porta in memoriam"]
[Site "Buenos Aires, ARG"]
[Date "2009.04.06"]
[Round "3.19"]
[White "Vazquez, Maximiliano"]
[Black "Filgueira, Hernan"]
[Result "0-1"]
[WhiteElo "2112"]
[BlackElo "2354"]

1. d4 d6 2. g3 g6 3. Bg2 Bg7 4. e4 c5 5. d5 Nf6 6. h3 O-O 7. Ne2 e6 8. O-O
exd5 9. exd5 b5 10. a4 b4 11. c4 bxc3 12. Nbxc3 Na6 13. Bg5 h6 14. Be3 Nd7 15.
Qd2 Kh7 16. Nb5 Ne5 17. Rac1 Bxh3 18. f3 Bc8 19. Kf2 g5 20. Rh1 Kg8 21. b3
Re8 22. Nec3 Bf5 23. Bf1 Nb4 24. Kg2 Qe7 25. Be2 Ned3 26. Bxd3 Nxd3 27. Rcd1 a6
0-1

[Event "Abierto Legislatura Norberto La Porta in memoriam"]
[Site "Buenos Aires, ARG"]
[Date "2009.04.06"]
[Round "3.22"]
[White "Garcia, Raimundo"]
[Black "Godoy, Carlos"]
[Result "0-1"]
[WhiteElo "2342"]
[BlackElo "2128"]

1. c4 c6 2. Nf3 d5 3. e3 Nf6 4. Nc3 e6 5. d4 Nbd7 6. Be2 Bd6 7. O-O O-O 8.
Qc2 Re8 9. Rd1 b6 10. b3 Qe7 11. Bb2 Bb7 12. e4 dxe4 13. Nxe4 Nxe4 14. Qxe4 f5
15. Qh4 Nf6 16. Ne5 c5 17. Bf3 Rad8 18. Nc6 Bxc6 19. Bxc6 Rf8 20. Qh3 Ng4 21.
g3 cxd4 22. Bxd4 Bc5 23. Bxc5 Qxc5 24. Qg2 Nxf2 25. Qxf2 Qxc6 26. Qe3 Rd6
27. Rxd6 Qxd6 28. Re1 Re8 29. a4 e5 30. Re2 h6 31. Rd2 Qe6 32. Rd5 f4 33. gxf4
Qg6+ 34. Qg3 Qb1+ 35. Kg2 exf4 36. Qd3 Qb2+ 37. Kf1 Qxh2 38. Rd8 Qh1+ 39. Kf2
Qh4+ 0-1

[Event "Abierto Legislatura Norberto La Porta in memoriam"]
[Site "Buenos Aires, ARG"]
[Date "2009.04.06"]
[Round "3.23"]
[White "Cabrera Pando, Ramiro"]
[Black "Seidler, Aldo E."]
[Result "1-0"]
[WhiteElo "2104"]
[BlackElo "2330"]

1. d4 d5 2. c4 e6 3. Nf3 Be7 4. Nc3 Nf6 5. Bf4 c6 6. e3 O-O 7. c5 Nbd7 8. Bd3
Re8 9. b4 Nf8 10. h3 N6d7 11. O-O f5 12. b5 g5 13. Bh2 Qa5 14. Qc2 Ng6 15.
Rab1 Ndf8 16. Rb3 Qd8 17. bxc6 bxc6 18. Rfb1 Qd7 19. Nb5 f4 20. Nd6 Bxd6 21.
cxd6 Qxd6 22. Nxg5 e5 23. dxe5 Qxe5 24. Bxf4 Nxf4 25. exf4 Qxf4 26. Nxh7 Nxh7
27. Bxh7+ Kh8 28. Qg6 Ba6 29. Rf3 Qe4 30. Qxc6 Qxh7 31. Qf6+ Qg7 32. Qxa6 Re7
33. Rg3 Qf8 34. Rbb3 Rh7 35. Rbf3 Qe7 36. Re3 Qf7 37. Ref3 Qe7 38. Qc6 Rd8
39. Re3 Qf8 40. Rgf3 Qg8 41. Qf6+ Rg7 42. Rf4 1-0

[Event "Abierto Legislatura Norberto La Porta in memoriam"]
[Site "Buenos Aires, ARG"]
[Date "2009.04.06"]
[Round "3.24"]
[White "Fernandez, Jose Luis"]
[Black "Quiroga, Facundo"]
[Result "0-1"]
[WhiteElo "2117"]
[BlackElo "2329"]

1. e4 c5 2. Nf3 d6 3. d4 cxd4 4. Nxd4 Nf6 5. Nc3 a6 6. Bg5 e6 7. f4 Qb6 8.
Nb3 Nbd7 9. Qf3 Be7 10. O-O-O Qc7 11. Bd3 b5 12. Rhe1 Bb7 13. a3 O-O-O 14. Qe2
Nc5 15. Nxc5 dxc5 16. e5 Nd5 17. Nxd5 exd5 18. Bxe7 Qxe7 19. Qg4+ Kb8 20. f5
h5 21. Qf4 Qc7 22. g3 h4 23. Qg4 hxg3 24. hxg3 Bc8 25. Qg5 f6 26. exf6 gxf6
27. Qxf6 Rhf8 28. Qe5 c4 29. Bf1 Qxe5 30. Rxe5 Rxf5 31. Rxf5 Bxf5 32. Bg2 d4
33. Rf1 Bc8 34. Rf4 d3 35. cxd3 Rxd3 36. g4 Rg3 37. Bf3 Kc7 38. a4 Be6 39.
axb5 axb5 40. Kd2 b4 41. Rf6 Kd6 42. Be2 Ke5 43. Rf8 Bd5 44. Rb8 c3+ 45. bxc3
bxc3+ 46. Kc1 Be4 47. Rb5+ Kd6 48. Rb4 Rg1+ 49. Bd1 c2 50. Rd4+ Kc5 51. Rd2 Kc4
52. Rxc2+ Bxc2 53. Kxc2 Rg2+ 54. Kc1 Kc3 0-1

[Event "Abierto Legislatura Norberto La Porta in memoriam"]
[Site "Buenos Aires, ARG"]
[Date "2009.04.06"]
[Round "3.25"]
[White "Fabian, Ariel"]
[Black "Perelman, Hernan"]
[Result "1/2-1/2"]
[WhiteElo "2087"]
[BlackElo "2326"]

1. d4 c5 2. d5 Nf6 3. Bg5 Qb6 4. Nc3 Qxb2 5. Bd2 Qb6 6. e4 e5 7. f4 d6 8. f5
h5 9. Rb1 Qc7 10. Nf3 a6 11. a4 Nbd7 12. Bc4 Be7 13. O-O Nf8 14. Qe1 N8h7 15.
Nd1 b6 16. Qe2 Rg8 17. h3 Nd7 18. Nh2 Ndf6 19. Nf3 Qd8 20. Ng5 Nxg5 21. Bxg5
Rh8 22. Bxf6 Bxf6 23. Rf3 Qc7 24. Rfb3 Bd8 25. Ne3 Qe7 26. Bd3 Rh6 1/2-1/2